Advances in gynaecological surgery
This book covers some of the most recent advances in gynaecological surgery technique and practice. It has been written by some of the leading names in the field, from the UK, Europe and USA, each chapter representing a concise distillation of the most up-to-date information available on that partic...
Guardat en:
| Format: | Llibre |
|---|---|
| Idioma: | Undetermined |
| Publicat: |
London
GMM
2002
|
| Matèries: | |
| Etiquetes: |
Afegir etiqueta
Sense etiquetes, Sigues el primer a etiquetar aquest registre!
|
| Thư viện lưu trữ: | Trung tâm Học liệu Trường Đại học Cần Thơ |
|---|
| LEADER | 01020nam a2200205Ia 4500 | ||
|---|---|---|---|
| 001 | CTU_167922 | ||
| 008 | 210402s9999 xx 000 0 und d | ||
| 020 | |c 137 | ||
| 082 | |a 618.1059 | ||
| 082 | |b A244 | ||
| 245 | 0 | |a Advances in gynaecological surgery | |
| 245 | 0 | |c Edited by Peter J. O'Donovan, Ellis G. R. Downes | |
| 260 | |a London | ||
| 260 | |b GMM | ||
| 260 | |c 2002 | ||
| 520 | |a This book covers some of the most recent advances in gynaecological surgery technique and practice. It has been written by some of the leading names in the field, from the UK, Europe and USA, each chapter representing a concise distillation of the most up-to-date information available on that particular topic. Each chapter is fully illustrated, in colour where necessary. | ||
| 650 | |a Generative organs, Female,Cơ quan sinh sản, Nữ,Laparoscopic surgery,Phẫu thuật nội soi | ||
| 650 | |x Surgery,Phẫu thuật | ||
| 904 | |i Trọng Hiếu | ||
| 980 | |a Trung tâm Học liệu Trường Đại học Cần Thơ | ||